000 00432nam a2200181Ia 4500
001 12808
005 20260306163008.0
008 260306t1966||||xx |||||||||||||| ||spa||
041 _aESP
082 _aRD 340.03
_bF63
100 _aFlorez Polo, Pedro
_eAUT
245 0 _aDiccionario juridico fundamental
260 _c1966
300 _a595 páginas :
_c20 cm.
650 _aGEN
654 _aCDE
942 _cDIC
_dJUS
_fJUS
_2ddc
_n
999 _c12808
_d12808